| 000 | 00402nam a22001337a 4500 | ||
|---|---|---|---|
| 082 |
_a515.9 _bCHU _cL-2,P-19 |
||
| 100 |
_aChurchill, Ruel V _98853 |
||
| 245 |
_aIntroduction to Complex Variables and Applications _cRuel V Churchill |
||
| 260 |
_aUSA : _bMacGraw Hill Book Company _c1948. |
||
| 300 | _avi, 216 p. : | ||
| 526 |
_a0 _b0 _c0 _d515_900000000000000_CHU |
||
| 650 |
_aMCE _9379 |
||
| 942 |
_2ddc _cBK |
||
| 999 |
_c543836 _d543836 |
||